000 00939nam a22002177a 4500
003 OSt
005 20180705101206.0
008 150408b2012 slv spa
040 _cBMC
082 _a613.62
100 1 _934205
_aVillanueva Hernández, Pedro Antonio
245 1 0 _aPasantía en SANTANI S.A. de C.V.
_b: Informe final
_cPedro Antonio Villanueva Hernández
260 _aSanta Ana (El Salvador)
_bUniversidad Católica de El Salvador
_c2012
300 _a1 folleto (47 h.)
_bil. col.
_c27 cm
_e+ 1 disco compacto
500 _aPrecede al tít.: Universidad Católica de El Salvador, Facultad de Ingeniería y Arquitectura
500 _aPeríodo de realización: del 16 de mayo al 16 de noviembre de 2011
502 _aPara optar al título de Ingeniero Industrial
650 2 4 _94331
_aSeguridad industrial
710 2 _91166
_aUniversidad Católica de El Salvador
_bFacultad de Ingeniería y Arquitectura
942 _2ddc
_cTG
999 _c20779
_d20779